Yêu đương chuyện của muôn đời.

Salvato in:
Dettagli Bibliografici
Autore principale: Không rõ
Natura: Libro
Lingua:Vietnamese
Pubblicazione: TN 1999
Tags: Aggiungi Tag
Nessun Tag, puoi essere il primo ad aggiungerne! !
Thư viện lưu trữ: Mạng thư viện Đại học Đà Nẵng
LEADER 00592nam a2200265 4500
001 000028546
003 YÊ-Đ
005 20150403120000.0
008 150403s vm 000 vie
020 |c 0,0000 
040 |a notts 
100 |a Không rõ 
245 |a Yêu đương chuyện của muôn đời. 
260 |b TN  |c 1999 
OWN |a LTT 
999 |a From the UDN01 
TYP |a Monograph 
TYP |a Printed language 
980 |a Mạng thư viện Đại học Đà Nẵng